[Event "Landsturneringen 2022"]
[Site "Kongsvingerhallen"]
[Date "2022.07.08"]
[Round "2"]
[White "Kvaløy, Aksel Bu"]
[Black "Unhjem, Bjørn Robert Løvoll"]
[Result "1-0"]
[WhiteElo "2289"]
[BlackElo "2005"]
1. e4 {[%clk 01:30:49]} {[%emt 00:00:10]} c5 {[%clk 01:29:22]} {[%emt
00:01:26]} 2. Nf3 {[%clk 01:31:08]} {[%emt 00:00:24]} d6 {[%clk 01:29:45]}
{[%emt 00:00:07]} 3. d4 {[%clk 01:31:26]} {[%emt 00:00:12]} cxd4 {[%clk
01:30:08]} {[%emt 00:00:07]} 4. Nxd4 {[%clk 01:31:47]} {[%emt 00:00:09]} Nf6
{[%clk 01:30:32]} {[%emt 00:00:07]} 5. Nc3 {[%clk 01:32:09]} {[%emt 00:00:07]}
g6 {[%clk 01:30:07]} {[%emt 00:00:56]} 6. f3 {[%clk 01:32:02]} {[%emt
00:00:37]} Bg7 {[%clk 01:30:22]} {[%emt 00:00:15]} 7. Be3 {[%clk 01:32:17]}
{[%emt 00:00:16]} O-O {[%clk 01:30:21]} {[%emt 00:00:31]} 8. Qd2 {[%clk
01:32:11]} {[%emt 00:00:35]} Nc6 {[%clk 01:30:44]} {[%emt 00:00:08]} 9. O-O-O
{[%clk 01:31:35]} {[%emt 00:01:06]} d5 {[%clk 01:28:46]} {[%emt 00:02:28]} 10.
exd5 {[%clk 01:31:07]} {[%emt 00:00:58]} Nxd5 {[%clk 01:29:04]} {[%emt
00:00:11]} 11. Nxc6 {[%clk 01:31:04]} {[%emt 00:00:33]} bxc6 {[%clk 01:29:28]}
{[%emt 00:00:06]} 12. Bd4 {[%clk 01:31:09]} {[%emt 00:00:25]} Bxd4 {[%clk
01:29:28]} {[%emt 00:00:30]} 13. Qxd4 {[%clk 01:31:30]} {[%emt 00:00:09]} Qb6
{[%clk 01:29:49]} {[%emt 00:00:09]} 14. Qe5 {[%clk 01:30:48]} {[%emt 00:01:12]}
Rb8 {[%clk 01:20:39]} {[%emt 00:09:40]} 15. Na4 {[%clk 01:26:32]} {[%emt
00:04:46]} Qb4 {[%clk 01:12:50]} {[%emt 00:08:18]} 16. a3 {[%clk 01:09:26]}
{[%emt 00:17:37]} Qb7 {[%clk 00:35:19]} {[%emt 00:38:00]} 17. Bd3 {[%clk
00:51:30]} {[%emt 00:18:26]} f6 {[%clk 00:33:38]} {[%emt 00:02:11]} 18. Qe1
{[%clk 00:39:39]} {[%emt 00:12:21]} Qc7 {[%clk 00:32:22]} {[%emt 00:01:46]} 19.
Qg3 {[%clk 00:32:30]} {[%emt 00:07:39]} e5 {[%clk 00:25:11]} {[%emt 00:07:41]}
20. Bc4 {[%clk 00:28:04]} {[%emt 00:04:56]} Kg7 {[%clk 00:24:08]} {[%emt
00:01:33]} 21. Bb3 {[%clk 00:26:46]} {[%emt 00:01:48]} Ne3 {[%clk 00:23:44]}
{[%emt 00:00:55]} 22. Rd3 {[%clk 00:22:25]} {[%emt 00:04:51]} Nf5 {[%clk
00:22:50]} {[%emt 00:01:23]} 23. Qf2 {[%clk 00:22:14]} {[%emt 00:00:41]} Nd4
{[%clk 00:22:42]} {[%emt 00:00:39]} 24. Nc5 {[%clk 00:21:04]} {[%emt 00:01:40]}
Qe7 {[%clk 00:22:34]} {[%emt 00:00:38]} 25. Rc3 {[%clk 00:19:41]} {[%emt
00:01:53]} Rb5 {[%clk 00:20:23]} {[%emt 00:02:41]} 26. Re1 {[%clk 00:17:06]}
{[%emt 00:03:04]} Rd8 {[%clk 00:19:36]} {[%emt 00:01:17]} 27. Ne4 {[%clk
00:16:10]} {[%emt 00:01:25]} Be6 {[%clk 00:19:39]} {[%emt 00:00:28]} 28. Bxe6
{[%clk 00:12:52]} {[%emt 00:03:48]} Qxe6 {[%clk 00:19:53]} {[%emt 00:00:16]} 29.
b3 {[%clk 00:11:32]} {[%emt 00:01:50]} Qe7 {[%clk 00:17:13]} {[%emt 00:03:10]}
30. Kb2 {[%clk 00:10:36]} {[%emt 00:01:26]} Rbd5 {[%clk 00:16:52]} {[%emt
00:00:50]} 31. a4 {[%clk 00:09:58]} {[%emt 00:01:09]} f5 {[%clk 00:15:00]}
{[%emt 00:02:22]} 32. Nd2 {[%clk 00:07:23]} {[%emt 00:03:05]} Qf6 {[%clk
00:12:11]} {[%emt 00:03:19]} 33. Nc4 {[%clk 00:06:36]} {[%emt 00:01:18]} Rc5
{[%clk 00:09:54]} {[%emt 00:02:47]} 34. Ka2 {[%clk 00:05:38]} {[%emt 00:01:27]}
a5 {[%clk 00:09:14]} {[%emt 00:01:11]} 35. Qg3 {[%clk 00:04:35]} {[%emt
00:01:33]} Rdd5 {[%clk 00:08:17]} {[%emt 00:01:25]} 36. Qf2 {[%clk 00:03:42]}
{[%emt 00:01:25]} h5 {[%clk 00:05:50]} {[%emt 00:02:57]} 37. g3 {[%clk
00:01:52]} {[%emt 00:02:20]} Qd8 {[%clk 00:04:58]} {[%emt 00:01:21]} 38. Rce3
{[%clk 00:01:29]} {[%emt 00:00:53]} Nxb3 {[%clk 00:03:02]} {[%emt 00:02:26]} 39.
cxb3 {[%clk 00:00:37]} {[%emt 00:01:22]} Rxc4 {[%clk 00:03:13]} {[%emt
00:00:20]} 40. R1e2 {[%clk 00:00:37]} {[%emt 00:00:30]} Rcd4 {[%clk 00:03:27]}
{[%emt 00:00:16]} 41. Rc2 {[%clk 00:26:52]} {[%emt 00:04:15]} Rc5 {[%clk
00:20:45]} {[%emt 00:13:12]} 42. Rxc5 {[%clk 00:24:47]} {[%emt 00:02:34]} Rd2+
{[%clk 00:21:08]} {[%emt 00:00:08]} 43. Rc2 {[%clk 00:25:12]} {[%emt 00:00:04]}
Rxf2 {[%clk 00:21:29]} {[%emt 00:00:09]} 44. Rxf2 {[%clk 00:25:37]} {[%emt
00:00:05]} Qd5 {[%clk 00:21:04]} {[%emt 00:00:55]} 45. Rfe2 {[%clk 00:23:35]}
{[%emt 00:02:32]} Kf6 {[%clk 00:19:21]} {[%emt 00:02:13]} 46. Kb2 {[%clk
00:20:27]} {[%emt 00:03:38]} g5 {[%clk 00:18:09]} {[%emt 00:01:42]} 47. Rxe5
{[%clk 00:16:27]} {[%emt 00:04:30]} Qxe5+ {[%clk 00:06:31]} {[%emt 00:12:08]}
48. Rxe5 {[%clk 00:16:50]} Kxe5 {[%clk 00:06:50]} {[%emt 00:00:18]} 49. Kc3
{[%clk 00:15:45]} {[%emt 00:01:35]} c5 {[%clk 00:01:30]} {[%emt 00:05:51]} 50.
Kc4 {[%clk 00:13:39]} {[%emt 00:02:36]} f4 {[%clk 00:01:52]} {[%emt 00:00:07]}
51. gxf4+ {[%clk 00:13:25]} {[%emt 00:00:44]} Kxf4 {[%clk 00:02:14]} {[%emt
00:00:08]} 52. Kxc5 {[%clk 00:13:22]} {[%emt 00:00:33]} Kxf3 {[%clk 00:02:37]}
{[%emt 00:00:07]} 53. b4 {[%clk 00:13:28]} {[%emt 00:00:24]} axb4 {[%clk
00:02:40]} {[%emt 00:00:27]} 54. Kxb4 {[%clk 00:13:49]} {[%emt 00:00:09]} Kg2
{[%clk 00:01:32]} {[%emt 00:01:38]} 55. a5 {[%clk 00:14:09]} {[%emt 00:00:11]}
Kxh2 {[%clk 00:01:54]} {[%emt 00:00:07]} 56. a6 {[%clk 00:14:34]} {[%emt
00:00:05]} g4 {[%clk 00:02:06]} {[%emt 00:00:18]} 57. a7 {[%clk 00:14:40]}
{[%emt 00:00:25]} g3 {[%clk 00:02:17]} {[%emt 00:00:19]} 58. a8=Q {[%emt
00:00:14]} g2 {[%clk 00:01:53]} {[%emt 00:00:52]} 59. Qb8+ {[%clk 00:12:40]}
{[%emt 00:02:47]} Kh1 {[%clk 00:01:48]} {[%emt 00:00:35]} 60. Qb7 {[%clk
00:11:53]} {[%emt 00:01:18]}
1-0

[Event "Landsturneringen 2022"]
[Site "Kongsvingerhallen"]
[Date "2022.07.08"]
[Round "3"]
[White "Al-Tarboush, Ward"]
[Black "Moen, Andreas G.R."]
[Result "1-0"]
[WhiteElo "2203"]
[BlackElo "2311"]
1. e4 {[%clk 01:30:38]} {[%emt 00:00:22]} e5 {[%clk 01:25:59]} {[%emt
00:05:01]} 2. Nf3 {[%clk 01:31:00]} {[%emt 00:00:08]} Nf6 {[%clk 01:26:24]}
{[%emt 00:00:03]} 3. d4 {[%clk 01:31:12]} {[%emt 00:00:20]} Nxe4 {[%clk
01:26:48]} {[%emt 00:00:06]} 4. Bd3 {[%clk 01:31:36]} {[%emt 00:00:06]} d5
{[%clk 01:25:26]} {[%emt 00:01:52]} 5. Nxe5 {[%clk 01:31:52]} {[%emt 00:00:14]}
Nd7 {[%clk 01:23:24]} {[%emt 00:02:31]} 6. Nxd7 {[%clk 01:32:14]} {[%emt
00:00:07]} Bxd7 {[%emt 00:00:16]} 7. O-O {[%clk 01:32:36]} Qh4 {[%clk
01:20:08]} {[%emt 00:04:08]} 8. Nc3 {[%clk 01:30:40]} {[%emt 00:02:26]} Nxc3
{[%clk 01:09:57]} {[%emt 00:10:41]} 9. bxc3 {[%clk 01:30:59]} {[%emt 00:00:11]}
O-O-O {[%clk 01:02:33]} {[%emt 00:07:54]} 10. Rb1 {[%clk 01:29:35]} {[%emt
00:01:54]} Bd6 {[%clk 00:58:47]} {[%emt 00:04:16]} 11. g3 {[%clk 01:29:56]}
{[%emt 00:00:09]} Qg4 {[%clk 00:57:56]} {[%emt 00:01:20]} 12. Be2 {[%clk
01:29:36]} {[%emt 00:00:51]} Qg6 {[%clk 00:54:56]} {[%emt 00:03:28]} 13. Bf3
{[%clk 01:26:17]} {[%emt 00:03:52]} Bf5 {[%clk 00:48:45]} {[%emt 00:06:41]} 14.
Bh5 {[%clk 00:48:07]} {[%emt 00:38:41]} Qf6 {[%clk 00:48:00]} {[%emt 00:01:15]}
15. Be3 {[%clk 00:42:42]} {[%emt 00:05:55]} c6 {[%clk 00:45:12]} {[%emt
00:03:17]} 16. Qe2 {[%clk 00:43:02]} {[%emt 00:00:12]} Qe6 {[%clk 00:42:40]}
{[%emt 00:02:57]} 17. Rb2 {[%clk 00:41:25]} {[%emt 00:02:11]} Rhe8 {[%clk
00:37:42]} {[%emt 00:05:28]} 18. a4 {[%clk 00:39:52]} {[%emt 00:02:04]} Rd7
{[%clk 00:33:57]} {[%emt 00:04:14]} 19. a5 {[%clk 00:40:09]} {[%emt 00:00:14]}
a6 {[%clk 00:29:21]} {[%emt 00:05:05]} 20. Rfb1 {[%clk 00:39:58]} {[%emt
00:00:41]} Ree7 {[%clk 00:26:30]} {[%emt 00:03:21]} 21. Bf3 {[%clk 00:37:18]}
{[%emt 00:03:11]} Be4 {[%clk 00:24:21]} {[%emt 00:02:38]} 22. Bg4 {[%clk
00:36:44]} {[%emt 00:01:04]} Bf5 {[%clk 00:24:46]} {[%emt 00:00:05]} 23. Bxf5
{[%clk 00:31:32]} {[%emt 00:05:42]} Qxf5 {[%clk 00:25:10]} {[%emt 00:00:06]} 24.
c4 {[%clk 00:30:11]} {[%emt 00:01:51]} dxc4 {[%clk 00:23:30]} {[%emt 00:02:10]}
25. Qxc4 {[%clk 00:30:39]} {[%emt 00:00:03]} Kd8 {[%clk 00:21:47]} {[%emt
00:02:13]} 26. Qf1 {[%clk 00:27:43]} {[%emt 00:03:26]} h5 {[%clk 00:16:05]}
{[%emt 00:06:11]} 27. c4 {[%clk 00:26:38]} {[%emt 00:01:36]} Ke8 {[%clk
00:16:05]} {[%emt 00:00:30]} 28. d5 {[%clk 00:24:45]} {[%emt 00:02:23]} cxd5
{[%clk 00:13:05]} {[%emt 00:03:30]} 29. c5 {[%clk 00:24:41]} {[%emt 00:00:34]}
Be5 {[%clk 00:13:17]} {[%emt 00:00:17]} 30. c6 {[%clk 00:24:15]} {[%emt
00:00:57]} bxc6 {[%clk 00:13:37]} {[%emt 00:00:10]} 31. Qxa6 {[%clk 00:24:36]}
{[%emt 00:00:09]} f6 {[%clk 00:12:00]} {[%emt 00:02:08]} 32. Rb6 {[%clk
00:19:23]} {[%emt 00:05:43]} d4 {[%clk 00:05:36]} {[%emt 00:06:53]} 33. Bd2
{[%clk 00:19:15]} {[%emt 00:00:38]} h4 {[%clk 00:03:07]} {[%emt 00:02:59]} 34.
Qc4 {[%clk 00:19:07]} {[%emt 00:00:38]} Bc7 {[%clk 00:02:52]} {[%emt 00:00:44]}
35. Qg8# {[%emt 00:00:03]}
1-0

[Event "Landsturneringen 2022"]
[Site "Kongsvingerhallen"]
[Date "2022.07.08"]
[Round "3"]
[White "Øye-Strømberg, Alexander"]
[Black "Kvaløy, Aksel Bu"]
[Result "1-0"]
[WhiteElo "2304"]
[BlackElo "2289"]
1. d4 {[%clk 01:30:48]} {[%emt 00:00:12]} Nf6 {[%clk 01:30:47]} {[%emt
00:00:13]} 2. c4 {[%clk 01:31:04]} {[%emt 00:00:14]} e6 {[%clk 01:30:57]}
{[%emt 00:00:20]} 3. Nc3 {[%clk 01:30:44]} {[%emt 00:00:50]} Bb4 {[%clk
01:30:56]} {[%emt 00:00:30]} 4. Qc2 {[%clk 01:30:25]} {[%emt 00:00:50]} O-O
{[%clk 01:31:04]} {[%emt 00:00:22]} 5. a3 {[%clk 01:30:36]} {[%emt 00:00:20]}
Bxc3+ {[%clk 01:31:12]} {[%emt 00:00:22]} 6. Qxc3 {[%clk 01:30:59]} {[%emt
00:00:07]} d5 {[%clk 01:31:29]} {[%emt 00:00:13]} 7. Nf3 {[%clk 01:30:45]}
{[%emt 00:00:44]} dxc4 {[%clk 01:31:26]} {[%emt 00:00:33]} 8. Qxc4 {[%clk
01:30:58]} {[%emt 00:00:16]} b6 {[%clk 01:31:42]} {[%emt 00:00:14]} 9. h4
{[%clk 01:29:55]} {[%emt 00:01:33]} Bb7 {[%clk 01:31:05]} {[%emt 00:01:07]} 10.
Bf4 {[%clk 01:29:25]} {[%emt 00:00:59]} c5 {[%clk 01:29:55]} {[%emt 00:01:41]}
11. dxc5 {[%clk 01:29:21]} {[%emt 00:00:34]} Bd5 {[%clk 01:29:45]} {[%emt
00:00:40]} 12. Qc2 {[%clk 01:29:37]} {[%emt 00:00:14]} Be4 {[%clk 01:29:14]}
{[%emt 00:01:01]} 13. Qd2 {[%clk 01:14:53]} {[%emt 00:15:14]} Nbd7 {[%clk
01:28:39]} {[%emt 00:01:05]} 14. Bd6 {[%clk 01:14:22]} {[%emt 00:01:01]} Re8
{[%clk 01:28:07]} {[%emt 00:01:02]} 15. Rc1 {[%clk 01:08:44]} {[%emt 00:06:07]}
bxc5 {[%clk 01:09:56]} {[%emt 00:18:41]} 16. Ne5 {[%clk 00:52:10]} {[%emt
00:17:04]} Bd5 {[%clk 00:50:02]} {[%emt 00:20:25]} 17. f3 {[%clk 00:48:49]}
{[%emt 00:03:51]} Qb6 {[%clk 00:45:54]} {[%emt 00:04:37]} 18. Nxd7 {[%clk
00:48:31]} {[%emt 00:00:48]} Nxd7 {[%clk 00:46:11]} {[%emt 00:00:13]} 19. Bg3
{[%clk 00:48:00]} {[%emt 00:01:01]} f5 {[%clk 00:35:21]} {[%emt 00:11:20]} 20.
e3 {[%clk 00:40:12]} {[%emt 00:08:17]} Qb7 {[%clk 00:29:16]} {[%emt 00:06:35]}
21. Kf2 {[%clk 00:27:32]} {[%emt 00:13:10]} Rac8 {[%clk 00:27:17]} {[%emt
00:02:29]} 22. h5 {[%clk 00:24:55]} {[%emt 00:03:07]} h6 {[%emt 00:01:37]} 23.
Rh4 {[%clk 00:25:14]} Red8 {[%clk 00:20:29]} {[%emt 00:06:22]} 24. Qc3 {[%clk
00:24:21]} {[%emt 00:01:23]} Bc6 {[%clk 00:12:09]} {[%emt 00:08:50]} 25. Bc4
{[%clk 00:23:06]} {[%emt 00:01:46]} Bd5 {[%clk 00:12:12]} {[%emt 00:00:27]} 26.
Be2 {[%clk 00:23:11]} {[%emt 00:00:25]} Bc6 {[%clk 00:11:26]} {[%emt 00:01:17]}
27. Rh3 {[%clk 00:19:21]} {[%emt 00:04:19]} Bb5 {[%clk 00:10:21]} {[%emt
00:01:35]} 28. Bf4 {[%clk 00:13:11]} {[%emt 00:06:40]} Kh7 {[%clk 00:05:43]}
{[%emt 00:05:08]} 29. Rg3 {[%clk 00:11:14]} {[%emt 00:02:28]} Nf6 {[%clk
00:05:12]} {[%emt 00:01:00]} 30. Bxb5 {[%clk 00:11:18]} {[%emt 00:00:26]} Qxb5
{[%clk 00:05:19]} {[%emt 00:00:24]} 31. Be5 {[%clk 00:08:19]} {[%emt 00:03:28]}
Nxh5 {[%clk 00:05:11]} {[%emt 00:00:38]} 32. Rh3 {[%clk 00:08:30]} {[%emt
00:00:19]} Rd3 {[%clk 00:04:13]} {[%emt 00:01:28]} 33. Qe1 {[%clk 00:07:50]}
{[%emt 00:01:11]} Kg6 {[%clk 00:03:26]} {[%emt 00:01:17]} 34. Kg1 {[%clk
00:04:53]} {[%emt 00:03:28]} Rd5 {[%clk 00:01:43]} {[%emt 00:02:13]} 35. Bc3
{[%clk 00:04:28]} {[%emt 00:00:54]} Qd3 {[%clk 00:01:10]} {[%emt 00:01:03]} 36.
e4 {[%clk 00:03:15]} {[%emt 00:01:43]} Rd6 {[%clk 00:00:35]} {[%emt 00:01:06]}
37. f4 {[%clk 00:02:29]} {[%emt 00:01:16]} Qxe4 {[%clk 00:00:41]} {[%emt
00:00:24]} 38. Qh4 {[%clk 00:02:49]} {[%emt 00:00:09]} Qxf4 {[%clk 00:00:33]}
{[%emt 00:00:38]} 39. Qxh5+ {[%clk 00:03:14]} {[%emt 00:00:05]} Kh7 {[%clk
00:00:59]} {[%emt 00:00:03]} 40. Rf1 {[%clk 00:03:25]} {[%emt 00:00:18]} Qe4
{[%clk 00:01:05]} {[%emt 00:00:25]} 41. Rg3 {[%clk 00:03:33]} {[%emt 00:00:23]}
g6 {[%clk 00:26:30]} {[%emt 00:05:05]} 42. Qxg6# {[%clk 00:33:57]} {[%emt
00:00:06]}
1-0

[Event "Landsturneringen 2022"]
[Site "Kongsvingerhallen"]
[Date "2022.07.08"]
[Round "3"]
[White "Nilsen, Tobias Lang"]
[Black "Unneland, Mathias"]
[Result "1/2-1/2"]
[WhiteElo "2283"]
[BlackElo "2251"]
1. e4 {[%clk 01:30:57]} {[%emt 00:00:02]} c5 {[%clk 01:30:30]} {[%emt
00:00:31]} 2. Nf3 {[%clk 01:31:20]} {[%emt 00:00:08]} d6 {[%clk 01:30:16]}
{[%emt 00:00:43]} 3. d4 {[%clk 01:31:42]} {[%emt 00:00:07]} cxd4 {[%clk
01:30:37]} {[%emt 00:00:10]} 4. Nxd4 {[%clk 01:32:06]} {[%emt 00:00:06]} Nf6
{[%clk 01:30:43]} {[%emt 00:00:24]} 5. Nc3 {[%clk 01:32:28]} {[%emt 00:00:08]}
a6 {[%clk 01:30:36]} {[%emt 00:00:37]} 6. h3 {[%clk 01:32:51]} {[%emt
00:00:07]} e5 {[%clk 01:30:15]} {[%emt 00:00:51]} 7. Nb3 {[%clk 01:30:58]}
{[%emt 00:02:23]} b5 {[%clk 01:27:54]} {[%emt 00:02:51]} 8. g4 {[%clk
01:20:49]} {[%emt 00:10:39]} h6 {[%clk 01:16:29]} {[%emt 00:11:55]} 9. Bg2
{[%clk 01:13:30]} {[%emt 00:07:49]} Nbd7 {[%clk 01:00:48]} {[%emt 00:16:11]} 10.
Be3 {[%clk 01:07:27]} {[%emt 00:06:34]} Be7 {[%clk 00:58:07]} {[%emt 00:03:11]}
11. O-O {[%clk 01:03:18]} {[%emt 00:04:39]} O-O {[%clk 00:53:31]} {[%emt
00:05:06]} 12. Qd2 {[%clk 01:00:59]} {[%emt 00:02:49]} Nb6 {[%clk 00:50:58]}
{[%emt 00:03:03]} 13. Na5 {[%clk 01:01:13]} {[%emt 00:00:16]} Qc7 {[%clk
00:49:53]} {[%emt 00:01:34]} 14. Nd5 {[%clk 00:51:37]} {[%emt 00:10:07]} Nfxd5
{[%clk 00:38:15]} {[%emt 00:12:07]} 15. exd5 {[%clk 00:51:19]} {[%emt
00:00:49]} f5 {[%clk 00:38:01]} {[%emt 00:00:43]} 16. gxf5 {[%clk 00:51:31]}
{[%emt 00:00:18]} Nc4 {[%clk 00:33:23]} {[%emt 00:05:09]} 17. Nxc4 {[%clk
00:50:24]} {[%emt 00:01:37]} Qxc4 {[%emt 00:09:16]} 18. f4 {[%clk 00:41:44]}
Bf6 {[%clk 00:29:51]} {[%emt 00:04:25]} 19. b3 {[%clk 00:41:09]} {[%emt
00:01:06]} Qc7 {[%clk 00:30:09]} {[%emt 00:00:11]} 20. Rac1 {[%clk 00:41:28]}
{[%emt 00:00:11]} exf4 {[%clk 00:27:52]} {[%emt 00:02:47]} 21. Bxf4 {[%clk
00:39:59]} {[%emt 00:02:00]} Bb2 {[%clk 00:25:02]} {[%emt 00:03:20]} 22. Rb1
{[%clk 00:37:44]} {[%emt 00:02:46]} Bc3 {[%clk 00:25:13]} {[%emt 00:00:19]} 23.
Qf2 {[%clk 00:36:22]} {[%emt 00:01:51]} Bxf5 {[%clk 00:19:22]} {[%emt
00:06:21]} 24. Qg3 {[%clk 00:31:07]} {[%emt 00:05:45]} Be5 {[%clk 00:13:45]}
{[%emt 00:06:08]} 25. Bxe5 {[%clk 00:26:07]} {[%emt 00:05:29]} dxe5 {[%clk
00:14:07]} {[%emt 00:00:08]} 26. Rf2 {[%clk 00:26:07]} {[%emt 00:00:31]} Qc5
{[%clk 00:10:44]} {[%emt 00:03:52]} 27. Rc1 {[%clk 00:18:31]} {[%emt 00:08:06]}
b4 {[%clk 00:07:54]} {[%emt 00:03:20]} 28. c4 {[%clk 00:16:57]} {[%emt
00:02:05]} bxc3 {[%clk 00:07:06]} {[%emt 00:01:18]} 29. Rxc3 {[%clk 00:17:05]}
{[%emt 00:00:22]} Qd4 {[%clk 00:06:27]} {[%emt 00:01:09]} 30. Rc4 {[%clk
00:16:03]} {[%emt 00:01:33]} Qb6 {[%clk 00:05:23]} {[%emt 00:01:33]} 31. Kh2
{[%clk 00:07:47]} {[%emt 00:08:46]} Kh8 {[%clk 00:05:15]} {[%emt 00:00:38]} 32.
Re2 {[%clk 00:04:08]} {[%emt 00:04:10]} e4 {[%clk 00:05:04]} {[%emt 00:00:41]}
33. Bxe4 {[%clk 00:01:21]} {[%emt 00:03:17]} Rae8 {[%clk 00:05:23]} {[%emt
00:00:09]} 34. Bf3 {[%clk 00:01:14]} {[%emt 00:00:38]} Bd3 {[%clk 00:02:56]}
{[%emt 00:02:57]} 35. Rxe8 {[%clk 00:01:31]} {[%emt 00:00:13]} Rxe8 {[%clk
00:03:23]} {[%emt 00:00:04]} 36. Rg4 {[%clk 00:00:57]} {[%emt 00:01:04]} Be2
{[%clk 00:02:56]} {[%emt 00:00:57]} 37. Re4 {[%clk 00:00:37]} {[%emt 00:00:50]}
Bb5 {[%clk 00:02:33]} {[%emt 00:00:52]} 38. Rxe8+ {[%clk 00:00:45]} {[%emt
00:00:22]} Bxe8 {[%clk 00:02:58]} {[%emt 00:00:05]} 39. Bg2 {[%clk 00:00:51]}
{[%emt 00:00:24]} Bg6 {[%clk 00:02:53]} {[%emt 00:00:36]} 40. d6 {[%clk
00:00:48]} {[%emt 00:00:33]} Kh7 {[%clk 00:02:01]} {[%emt 00:01:21]} 41. Qe5
{[%clk 00:29:33]} {[%emt 00:02:15]} Qf2 {[%clk 00:28:24]} {[%emt 00:04:38]} 42.
a3 {[%clk 00:19:29]} {[%emt 00:10:35]} Qd2 {[%clk 00:27:23]} {[%emt 00:01:30]}
43. b4 {[%clk 00:19:40]} {[%emt 00:00:20]} Qd1 {[%clk 00:21:26]} {[%emt
00:06:26]} 44. Qd5 {[%clk 00:19:18]} {[%emt 00:00:52]} Qc1 {[%clk 00:19:56]}
{[%emt 00:02:00]} 45. Qd4 {[%clk 00:19:43]} {[%emt 00:00:05]} Bf5 {[%clk
00:19:25]} {[%emt 00:01:00]} 46. a4 {[%clk 00:16:40]} {[%emt 00:03:34]} Bd7
{[%clk 00:16:51]} {[%emt 00:03:04]} 47. a5 {[%clk 00:14:52]} {[%emt 00:02:19]}
Kh8 {[%clk 00:15:33]} {[%emt 00:01:48]} 48. h4 {[%clk 00:13:38]} {[%emt
00:01:44]} Qc2 {[%clk 00:08:39]} {[%emt 00:07:23]} 49. Kg3 {[%clk 00:12:10]}
{[%emt 00:01:58]} Qg6+ {[%clk 00:08:41]} {[%emt 00:00:28]} 50. Kh2 {[%clk
00:11:45]} {[%emt 00:00:55]} Qc2 {[%clk 00:08:57]} {[%emt 00:00:14]} 51. Qd5
{[%clk 00:09:56]} {[%emt 00:02:19]} Qf2 {[%clk 00:08:12]} {[%emt 00:01:14]} 52.
Qa8+ {[%clk 00:06:57]} {[%emt 00:03:30]} Kh7 {[%clk 00:08:36]} {[%emt
00:00:06]} 53. Qe4+ {[%clk 00:07:07]} {[%emt 00:00:20]} Bf5 {[%clk 00:07:03]}
{[%emt 00:02:02]} 54. Qc4 {[%clk 00:07:20]} {[%emt 00:00:17]} Bd7 {[%clk
00:07:06]} {[%emt 00:00:28]} 55. Qd3+ {[%clk 00:04:01]} {[%emt 00:03:48]} Kh8
{[%clk 00:06:31]} {[%emt 00:01:06]} 56. Qe4 {[%clk 00:03:55]} {[%emt 00:00:36]}
Bf5 {[%clk 00:04:25]} {[%emt 00:02:36]} 57. Qa8+ {[%clk 00:01:47]} {[%emt
00:02:38]} Kh7 {[%clk 00:04:50]} {[%emt 00:00:05]} 58. Qxa6 {[%clk 00:01:59]}
{[%emt 00:00:19]} Qxh4+ {[%clk 00:05:03]} {[%emt 00:00:16]} 59. Kg1 {[%clk
00:02:21]} {[%emt 00:00:08]} Qd4+ {[%clk 00:05:26]} {[%emt 00:00:07]} 60. Kh2
{[%clk 00:02:26]} {[%emt 00:00:25]} Qh4+ {[%clk 00:05:49]} {[%emt 00:00:07]}
1/2-1/2